NBA Teams By Logo & Name - Statistics

General Stats
  • This quiz has been taken 1,932 times
  • The average score is 5 of 8
Answer Stats
Picture Answer % Correct
Charlotte Hornets
90%
Houston Rockets
88%
Miami Heat
83%
Denver Nuggets
81%
Washington Wizards
80%
Utah Jazz
76%
Sacramento Kings
61%
Los Angeles Lakers
53%
Brooklyn Nets
43%
Milwaukee Bucks
39%
Phoenix Suns
33%
Toronto Raptors
13%
No matching quizzes found
Score Distribution
Percent of People with Each Score
Percentile by Number Answered
Your Score History
You have not taken this quiz